000 00362nam a2200157Ia 4500
008 230917s9999||||xx |||||||||||||| ||und||
020 _cPON7
040 _e11844
_aMAIN
041 _aEnglish
082 _a519.2 C839P
100 _aCox, D R
245 0 _aPoint processes
260 _aLondon
_bChapman and Hall
_c1980
300 _aviii,188 p.
942 _cBK
999 _c214886
_d214886